[Event "IECG CP.2002.Q.00012 email"]
[Site "IECG email"]
[Date "2003.10.01"]
[Round "?"]
[White "Belanoff, Stuart B"]
[Black "Pacheco, Juan Jose"]
[Result "1/2-1/2"]
[WhiteElo "2051"]
[BlackElo "1844"]
[PlyCount "41"]
[EventDate "2003.10.01"]
[EventType "tourn (corr)"]
[EventRounds "10"]
[SourceTitle "Corr 2008"]
[Source "ChessBase"]
[SourceDate "2008.06.24"]
[SourceVersion "1"]
[SourceVersionDate "2008.06.24"]
[SourceQuality "1"]

1. d4 Nf6 2. Nf3 e6 3. e3 c5 4. Bd3 b6 5. 0-0 Bb7 6. c4 g6 7. Nc3 Bg7 8. e4 cxd4 9. Nxd4 d6 10. Be3 0-0 11. f3 a6 12. Re1 Nbd7 13. Bf1 Qc7 14. Rc1 Rfe8 15. b3 Rac8 16. Qd2 Qb8 17. Red1 Bf8 18. g4 Ne5 19. g5 Nfd7 20. Bg2 Rcd8 21. Qe2 1/2-1/2

[Event "IECG CP.2002.Q.00012 email"]
[Site "IECG email"]
[Date "2003.10.01"]
[Round "?"]
[White "Tinture, Laurent"]
[Black "Pacheco, Juan Jose"]
[Result "1/2-1/2"]
[WhiteElo "2282"]
[BlackElo "1844"]
[PlyCount "47"]
[EventDate "2003.10.01"]
[EventType "tourn (corr)"]
[EventRounds "10"]
[SourceTitle "Corr 2008"]
[Source "ChessBase"]
[SourceDate "2008.06.24"]
[SourceVersion "1"]
[SourceVersionDate "2008.06.24"]
[SourceQuality "1"]

1. e4 c5 2. d4 cxd4 3. c3 Nf6 4. e5 Nd5 5. Nf3 Nc6 6. Bc4 Nb6 7. Bb3 d6 8. cxd4 dxe5 9. d5 Na5 10. Nc3 Nxb3 11. Qxb3 e6 12. Nxe5 exd5 13. Be3 Bd6 14. Qb5+ Kf8 15. 0-0-0 Be6 16. f4 f6 17. Rhf1 Rc8 18. f5 Bxf5 19. Rxf5 Bxe5 20. Bc5+ Kf7 21. Bxb6 Qxb6 22. Qd7+ Kg6 23. Rxe5 fxe5 24. Qg4+ 1/2-1/2

[Event "IECG CB.2003.0.00091 email"]
[Site "IECG email"]
[Date "2003.09.03"]
[Round "?"]
[White "Pacheco, Juan Jose"]
[Black "Johanson, Frans"]
[Result "0-1"]
[WhiteElo "1844"]
[BlackElo "1960"]
[PlyCount "96"]
[EventDate "2003.09.03"]
[EventType "tourn (corr)"]
[EventRounds "6"]
[SourceTitle "Corr 2008"]
[Source "ChessBase"]
[SourceDate "2008.06.24"]
[SourceVersion "1"]
[SourceVersionDate "2008.06.24"]
[SourceQuality "1"]

1. e4 c6 2. d4 d5 3. Nc3 dxe4 4. Nxe4 Nd7 5. Ng5 Ngf6 6. Bd3 e6 7. N1f3 Bd6 8. Qe2 h6 9. Ne4 Nxe4 10. Qxe4 Nf6 11. Qe2 Qc7 12. Bd2 b6 13. 0-0-0 Bb7 14. Ne5 c5 15. Bb5+ Kf8 16. Bf4 Kg8 17. Kb1 a6 18. dxc5 bxc5 19. Bc4 Bd5 20. Rhe1 Rb8 21. Bxd5 exd5 22. Qxa6 c4 23. Bg3 Rb6 24. Qa4 Kh7 25. c3 Rhb8 26. Ka1 Kg8 27. Re2 Rb5 28. Nf3 Bxg3 29. fxg3 Ne4 30. a3 Qb6 31. Qc2 Rb3 32. Rde1 Qa7 33. Qc1 Kf8 34. Nd4 Nxc3 35. Nc6 Nxe2 36. Rxe2 Qc5 37. Nxb8 Rxb8 38. Rd2 d4 39. Rc2 Rc8 40. Kb1 Qd5 41. g4 d3 42. Rd2 Re8 43. Qd1 Kg8 44. h3 Re3 45. Qc1 Re2 46. Qc3 Qxg2 47. Rd1 Rc2 48. Qd4 Qe2 0-1

[Event "IECG C1.1999.0.00241"]
[Site "IECG email"]
[Date "1999.11.02"]
[Round "?"]
[White "Pacheco, Juan Jose"]
[Black "Krabbenbos, Jan"]
[Result "0-1"]
[WhiteElo "1894"]
[BlackElo "1710"]
[PlyCount "38"]
[EventDate "1999.11.02"]
[EventType "tourn (corr)"]
[EventRounds "6"]
[SourceTitle "Corr 2008"]
[Source "ChessBase"]
[SourceDate "2008.06.24"]
[SourceVersion "1"]
[SourceVersionDate "2008.06.24"]
[SourceQuality "1"]

1. e4 c6 2. d4 d5 3. Nd2 dxe4 4. Nxe4 Nd7 5. Ng5 Ngf6 6. Bd3 e6 7. N1f3 Bd6 8. Qe2 h6 9. Ne4 Nxe4 10. Qxe4 Nf6 11. Qe2 b6 12. Bd2 Bb7 13. Ne5 Qc7 14. 0-0-0 c5 15. Bb5+ Ke7 16. dxc5 Qxc5 17. a3 Qc7 18. Bf4 Nd5 19. Bg3 a6 0-1

[Event "IECG CP.1998.Q.00014"]
[Site "IECG email"]
[Date "1999.??.??"]
[Round "?"]
[White "Storgaard, Flemming S"]
[Black "Pacheco, Juan Jose"]
[Result "1-0"]
[WhiteElo "1832"]
[BlackElo "1894"]
[PlyCount "50"]
[EventDate "1999.10.01"]
[EventType "tourn (corr)"]
[EventRounds "8"]
[EventCountry "USA"]
[SourceTitle "Corr 2008"]
[Source "ChessBase"]
[SourceDate "2008.06.24"]
[SourceVersion "1"]
[SourceVersionDate "2008.06.24"]
[SourceQuality "1"]

1. e4 d6 2. d4 Nf6 3. Bd3 e5 4. c3 d5 5. dxe5 Nxe4 6. Bxe4 dxe4 7. Qxd8+ Kxd8 8. Bg5+ Be7 9. Bxe7+ Kxe7 10. Nd2 Nd7 11. Nxe4 Nxe5 12. 0-0-0 Bf5 13. Nf3 Nxf3 14. gxf3 Rhd8 15. Nc5 Rxd1+ 16. Rxd1 b6 17. Ne4 f6 18. c4 Be6 19. b3 a5 20. Kc2 g5 21. Kc3 h6 22. a3 Re8 23. Rd4 f5 24. Ng3 a4 25. b4 c5 1-0